[Event "45th Olympiad 2024"]
[Site "Budapest HUN"]
[Date "2024.09.13"]
[Round "3.82"]
[Board "1"]
[White "Solomon, Joshua"]
[Black "D'Amico, Nicola"]
[Result "1/2-1/2"]
[WhiteElo "1587"]
[BlackElo "1801"]
[PlyCount "78"]
[EventDate "2024.09.11"]
[WhiteTeam "Antigua and Barbuda"]
[BlackTeam "San Marino"]
[BlackTeamCountry "SMR"]

1. d4 d5 2. c4 e6 3. Nc3 Nf6 4. cxd5 exd5 5. Bg5 c6 6. e3 Be7 7. Bd3 h6 8. Bh4 O-O 9. Nge2 Re8 10. Qc2 Nbd7 11. O-O Nf8 12. a3 ({RR} 12. Rae1 Ne4 13. Bxe7 Qxe7 14. Bxe4 dxe4 15. Ng3 f5 {½-½ Kosic,D (2482)-Ilincic,Z (2545) Budapest FS12 GM 2007 (9)}) 12... Bg4 $146 ({RR} 12... a5 13. Rab1 Nh5 14. Bxe7 Qxe7 15. b4 axb4 16. axb4 Qg5 17. b5 Bd7 18. Na4 Rab8 19. Nc5 Bg4 20. Rb2 Nd7 21. Rfb1 Nxc5 22. dxc5 Qe5 23. Nd4 Bd7 24. Bf5 Bxf5 25. Qxf5 Qxf5 26. Nxf5 Ra8 27. bxc6 {½-½ Gaspar,L-Muendle,K Olympiad-32 Yerevan 1996 (10.4)}) ({RR} 12... Nh5 13. Bxe7 Qxe7 14. b4 a6 15. Ng3 Nxg3 16. hxg3 Ne6 17. Bf5 Ng5 18. Rfc1 Bxf5 19. Qxf5 Ne4 20. Nxe4 Qxe4 21. Qxe4 Rxe4 22. a4 Re6 23. Kf1 Kf8 24. Ke2 Ke8 25. Kd3 Kd7 26. Rc2 Ree8 27. Rb1 {1-0 Yaniuk,V (2223)-Hemam,M (1977) Titled Tue 2nd Jul Early 2024 (7)}) ({RR} 12... a5 13. Bxf6 Bxf6 14. b4 Be7 15. b5 Bd7 16. Rfb1 Bd6 17. bxc6 bxc6 18. Na4 Rb8 19. Nc5 Qe7 20. Qc3 Bxc5 21. dxc5 Ne6 22. Rc1 Ra8 23. Rab1 g6 24. Rb6 Ng5 25. Nd4 Qf6 26. Ne2 Qe7 27. h4 {0-1 Schatzberg,W-Polk,M Bayern-ch Seniors 08th 1996 (7)}) 13. b4 a6 14. Rab1 Bh5 15. Nf4 Bg4 16. Bxf6 Bxf6 17. h3 Bd7 18. a4 Ne6 19. Nxe6 fxe6 20. b5 axb5 21. axb5 e5 22. dxe5 Bxe5 23. Ne2 Qh4 24. Bf5 Be6 25. bxc6 bxc6 26. Rb6 Bxf5 27. Qxf5 Rac8 28. Rc1 Rc7 29. Qg6 Rf8 30. Qe6+ Rcf7 31. g3 Qf6 32. Qxf6 Rxf6 33. f4 Bb8 34. Rbxc6 Ba7 35. Kf2 Re8 36. Nd4 Bxd4 37. exd4 Rxc6 38. Rxc6 Re4 39. Rd6 Rxd4 1/2-1/2

[Event "45th Olympiad 2024"]
[Site "Budapest HUN"]
[Date "2024.09.13"]
[Round "3.82"]
[Board "2"]
[White "Volpinari, Danilo"]
[Black "Matthew Bailey"]
[Result "1-0"]
[WhiteElo "1939"]
[BlackElo "1548"]
[PlyCount "93"]
[EventDate "2024.09.11"]
[WhiteTeam "San Marino"]
[BlackTeam "Antigua and Barbuda"]
[WhiteTeamCountry "SMR"]

1. e4 c6 2. d4 d5 3. exd5 cxd5 4. Bd3 Nc6 5. c3 Qc7 6. h3 Nf6 7. Nf3 e6 8. O-O Bd6 9. Re1 h6 ({RR} 9... b6 10. Nbd2 Bb7 11. Qe2 O-O 12. Ne5 Rae8 13. Bb1 Nd7 14. Ndf3 f6 15. Qd3 f5 16. Bf4 Nf6 17. Bh2 Nd8 18. a4 a5 19. Qe2 Ne4 20. Bd3 f4 21. c4 Re7 22. Rac1 Qb8 23. cxd5 exd5 24. Bb5 {1-0 Carlsen,M (2872)-Shimanov,A (2587) Wch Rapid Moscow 2019 (5)}) 10. Nbd2 ({RR} 10. Qe2 Bd7 11. Ne5 a6 12. Nd2 b5 13. Ndf3 Ne7 14. a4 bxa4 15. Nxd7 Nxd7 16. Rxa4 a5 17. Ne5 Bxe5 18. dxe5 Nc6 19. Bb5 Nc5 20. Rg4 g6 21. Bxh6 Rb8 22. Be3 Nd7 23. Ra4 Rh5 24. f4 Na7 {1-0 Bochnickova,S (2065)-Sucikova,S (2149) ch-SVK Women 2024 (3.4)}) 10... Bd7 11. Qe2 O-O-O $146 ({RR} 11... O-O 12. Ne5 a6 13. a4 Rac8 14. Ndf3 Na5 15. Nxd7 Nxd7 16. Ne5 Nb3 17. Rb1 Nxe5 18. dxe5 Bc5 19. Bf4 Rfd8 20. Qg4 Kf8 21. Bc2 Qb6 22. Qe2 d4 23. a5 Nxa5 24. b4 Qc7 25. bxa5 dxc3 26. Qf3 {1-0 Dembicki,K (1380)-Jankowski,F (1522) POL-ch U15 Qual 2021 (5)}) 12. Ne5 Rdf8 13. a4 g5 14. b4 h5 15. Nb3 Kb8 16. a5 g4 17. h4 Bc8 18. b5 Ne7 19. Bd2 Nd7 20. b6 axb6 21. Nxd7+ Bxd7 22. axb6 Qxb6 23. Reb1 Qc7 24. Na5 b6 25. c4 Nc8 26. c5 Bh2+ 27. Kh1 Bf4 28. cxb6 Nxb6 29. Bxf4 Qxf4 30. Rxb6+ Kc7 31. Qc2+ Kd8 32. Nc6+ Bxc6 33. Ra7 g3 34. fxg3 Qxg3 35. Qb2 Qe1+ 36. Kh2 Qxh4+ 37. Kg1 Qe1+ 38. Bf1 Qe3+ 39. Kh1 Bd7 40. Qb4 Qf4 41. Rb8+ Qxb8 42. Qxb8+ Ke7 43. Qb4+ Kf6 44. Rxd7 Re8 45. Qd2 Kf5 46. Bd3+ Kg4 47. Rxf7 1-0

[Event "45th Olympiad 2024"]
[Site "Budapest HUN"]
[Date "2024.09.13"]
[Round "3.82"]
[Board "3"]
[White "Farquhar, Abner"]
[Black "Grassi, Enrico"]
[Result "1/2-1/2"]
[WhiteElo "1678"]
[BlackElo "1965"]
[PlyCount "51"]
[EventDate "2024.09.11"]
[WhiteTeam "Antigua and Barbuda"]
[BlackTeam "San Marino"]
[BlackTeamCountry "SMR"]

1. d4 Nf6 2. Nf3 g6 3. Nc3 d5 4. Bf4 c6 5. e3 Bg7 6. Bd3 Nbd7 ({RR} 6... Qb6 7. Rb1 O-O 8. h3 c5 9. O-O Nbd7 10. Na4 Qc6 11. Nxc5 Nxc5 12. dxc5 Nd7 13. Qe2 e5 14. Bb5 Qxc5 15. Bh2 Qe7 16. e4 d4 17. c3 dxc3 18. bxc3 Nc5 19. Rfd1 b6 20. Bc6 Ba6 21. c4 {½-½ Borchgrevink,H (2265)-Ganguly,S (2579) Gibraltar Masters 2006 (4)}) 7. Ne2 $146 ({RR} 7. O-O Nh5 8. Ne2 Nxf4 9. exf4 c5 10. c3 Qb6 11. Rb1 e6 12. Re1 a6 13. h4 Qd6 14. g3 b5 15. a3 Bb7 16. b4 c4 17. Bc2 Kd8 18. a4 Kc7 19. axb5 axb5 20. Ne5 Qe7 21. Ra1 h6 {0-1 Distelrath,O (2039)-Schebler,G (2500) Essen op Essen Borbeck 2001 (1)}) ({RR} 7. h3 O-O 8. O-O Re8 9. Ne5 Nxe5 10. Bxe5 Nd7 11. Bxg7 Kxg7 12. f4 Nf6 13. Qf3 Bf5 14. g4 Bxd3 15. cxd3 e6 16. Rf2 Qd6 17. Raf1 Rac8 18. Ne2 Re7 19. e4 dxe4 20. dxe4 Qb4 21. g5 Nd7 {½-½ Abdulla,K (2266)-Padmini,R (2353) World Blitz Women 2023 (9.37)}) ({RR} 7. e4 dxe4 8. Nxe4 Nxe4 9. Bxe4 Nf6 10. Bd3 Bg4 11. c3 Nh5 12. Be3 e5 13. Be2 exd4 14. Nxd4 Bxe2 15. Qxe2 O-O 16. O-O-O Qa5 17. Kb1 Nf6 18. h4 Rfe8 19. Qf3 Nd5 20. Bc1 Qc7 21. h5 a5 {1-0 Alekhine,A-Domenech Pont,J Alekhine sim 1928}) 7... Nh5 8. Bg5 Qa5+ 9. c3 e5 10. dxe5 Nxe5 11. Nxe5 Bxe5 12. g4 Bxg4 13. f4 Bf6 14. Rg1 Bxe2 15. Bxe2 Bxg5 16. Rxg5 Ng7 17. Re5+ Kf8 18. Qd4 f6 19. Re6 Nxe6 20. Qxf6+ Kg8 21. Qxe6+ Kg7 22. Qe7+ Kh6 23. Qg5+ Kg7 24. Qe7+ Kh6 25. Qg5+ Kg7 26. Qe7+ 1/2-1/2

[Event "45th Olympiad 2024"]
[Site "Budapest HUN"]
[Date "2024.09.13"]
[Round "3.82"]
[Board "4"]
[White "Piva, Michele"]
[Black "Solomon, Jonathan"]
[Result "1-0"]
[WhiteElo "1721"]
[BlackElo "1536"]
[PlyCount "101"]
[EventDate "2024.09.11"]
[WhiteTeam "San Marino"]
[BlackTeam "Antigua and Barbuda"]
[WhiteTeamCountry "SMR"]

1. d4 d5 2. c4 c6 3. Nc3 Nf6 4. Bf4 Bg4 5. h3 ({RR} 5. Qb3 Qb6 6. cxd5 Nxd5 7. Nxd5 cxd5 8. e3 Qxb3 9. axb3 Nc6 10. f3 Bd7 11. Ne2 e6 12. Nc3 Nb4 13. Kf2 a6 14. Be2 Rc8 15. Rhc1 Ke7 16. Na4 f6 17. Rxc8 Bxc8 18. Rc1 Kd8 19. Nb6 Bd7 {1-0 Yanchenko,R (2467)-Rakhmangulova,A (2156) Titled Tuesday intern op 22nd Sept blitz 2020 (3)}) 5... Bf5 $146 ({RR} 5... Bh5 6. g4 Bg6 7. e3 e6 8. c5 Nbd7 9. Be2 h6 10. Bg3 Be7 11. f4 b6 12. b4 bxc5 13. dxc5 Qc7 14. Nf3 Be4 15. O-O O-O 16. Qa4 Rac8 17. Ba6 Rcd8 18. Nd4 Nb8 19. Nce2 Nh7 20. Kh2 {0-1 Gibbons,L (1304)-Rutter,B (1730) Winnipeg Summer op 2003 (1)}) ({RR} 5... Bh5 6. Nf3 Bxf3 7. exf3 e6 8. Bd3 Bd6 9. Bxd6 Qxd6 10. cxd5 Nxd5 11. Nxd5 Qxd5 12. Be4 Qa5+ 13. Qd2 Qxd2+ 14. Kxd2 O-O 15. f4 Rd8 16. Ke3 Nd7 17. g4 Nb6 18. Bd3 Rd7 19. f5 exf5 20. Bxf5 {0-1 Costa,E (1548)-Aquino,F (1724) BRA-ch sf-B Fortaleza 2012 (6)}) 6. e3 e6 7. Nf3 Bb4 8. a3 Bxc3+ 9. bxc3 Ne4 10. Qb3 Qb6 11. Qb4 Nd7 12. c5 Qxb4 13. cxb4 b6 14. Rc1 b5 15. Nh4 Bg6 16. f3 Nef6 17. Bd6 a5 18. Nxg6 fxg6 19. Be2 axb4 20. axb4 Ra3 21. Kf2 Kf7 22. Bc7 Rc8 23. Ba5 e5 24. Ra1 Rxa1 25. Rxa1 Ra8 26. Re1 exd4 27. exd4 Nf8 28. Rd1 Ne6 29. g3 Re8 30. Bf1 h5 31. h4 g5 32. hxg5 Nxg5 33. Bd3 Re6 34. Bf5 Re8 35. Ra1 g6 36. Bd3 Ne6 37. Bb6 Kg7 38. Ra7+ Kh6 39. Rf7 Nh7 40. Rd7 Nxd4 41. Bc7 Ne6 42. Be5 Nhf8 43. Rd6 Rc8 44. f4 Ng7 45. f5 Ne8 46. Bf4+ Kg7 47. Be5+ Kg8 48. fxg6 Nxd6 49. cxd6 Nd7 50. Bf5 Rd8 51. Be6+ 1-0

[Event "45th Olympiad 2024"]
[Site "Budapest HUN"]
[Date "2024.09.13"]
[Round "3.83"]
[Board "1"]
[White "Asante Debesai Zerabruk"]
[Black "Celis, Joel"]
[Result "0-1"]
[WhiteElo "1908"]
[BlackElo "1929"]
[PlyCount "114"]
[EventDate "2024.09.11"]
[WhiteTeam "Eritrea"]
[BlackTeam "Macau, China"]
[WhiteTeamCountry "ERI"]

1. e4 c6 2. Nc3 d5 3. Nf3 dxe4 4. Nxe4 Nf6 5. Nxf6+ exf6 6. Bc4 Bd6 7. Qe2+ Qe7 8. Qxe7+ Bxe7 ({RR} 8... Kxe7 9. O-O Rd8 10. d4 Bg4 11. Nd2 Kf8 12. c3 Bf5 13. Re1 Nd7 14. Ne4 Be7 15. Ng3 Bg6 16. a4 c5 17. Be3 Rac8 18. Bf1 cxd4 19. Bxd4 Nc5 20. Be3 a6 21. a5 Nb3 22. Ra4 Bc2 23. Bb6 {0-1 Karjakin,S (2785)-Nakamura,H (2779) Wch Blitz Doha 2016 (15)}) 9. h3 ({RR} 9. O-O O-O 10. Re1 Bd6 11. d4 Bg4 12. Nd2 Nd7 13. Ne4 Bc7 14. c3 Rfe8 15. Bd2 Rad8 16. Ng3 Nf8 17. a3 Rxe1+ 18. Rxe1 Be6 19. Bf1 a5 20. Bc1 a4 21. Ne4 Nd7 22. Nd2 c5 23. Nf3 Bd5 {0-1 Obregon Rivero,J (2496)-Mizzi,J (2051) Titled Tue 23rd Apr Late 2024 (11)}) 9... O-O $146 ({RR} 9... Nd7 10. d4 Nb6 11. Bd3 Be6 12. b3 O-O 13. c4 Rfe8 14. O-O Rad8 15. Rd1 f5 16. Bf4 Bf6 17. Be5 Nd7 18. Bc7 Rc8 19. Bf4 g6 20. Rac1 Nb6 21. Kf1 Rcd8 22. Be5 Bxe5 23. dxe5 c5 24. Ke2 {0-1 Baches Garcia,G (2322)-Ivanova,K (2085) Titled Tuesday intern op 6th Aug blitz 2019 (9)}) ({RR} 9... Nd7 10. d4 Nb6 11. Bd3 Be6 12. O-O O-O 13. b3 Rfe8 14. c4 Rad8 15. Bb2 Nd7 16. Rfd1 Nf8 17. Nh4 g6 18. Nf3 g5 19. Nh2 f5 20. Bf1 g4 21. hxg4 fxg4 22. d5 g3 23. fxg3 cxd5 24. cxd5 {1-0 Tremblay,R (2289)-Lessard,C (2025) Charlesbourg Zukertort 2010 (1)}) 10. a4 Nd7 11. d4 Bb4+ 12. c3 Re8+ 13. Be3 Bd6 14. O-O Nb6 15. Bd3 Nd5 16. Rae1 Nxe3 17. Rxe3 Bd7 18. Rfe1 Rxe3 19. Rxe3 a5 20. Nd2 Re8 21. Nc4 Bc7 22. Rxe8+ Bxe8 23. b4 b6 24. Na3 Kf8 25. b5 Ke7 26. Kf1 g6 27. Ke2 f5 28. g3 Bd8 29. bxc6 Bxc6 30. Bb5 Bb7 31. Kd3 g5 32. c4 Bg2 33. h4 gxh4 34. gxh4 Ke6 35. h5 Be4+ 36. Ke3 Bg5+ 37. f4 Be7 38. c5 bxc5 39. Nc4 cxd4+ 40. Kxd4 Bb4 41. Ne5 Bd2 42. Nc4 Bxf4 43. Nxa5 Bf3 44. Bc4+ Ke7 45. Bd3 Bxh5 46. Bxf5 Bg6 47. Bh3 Bc2 48. Nc4 Bh2 49. a5 Bg1+ 50. Kd5 f5 51. Nd2 Bd3 52. Bg2 Ba7 53. Kc6 Be3 54. Nf3 Ke6 55. Bh3 Be4+ 56. Kb5 Bxf3 57. a6 Ba7 0-1

[Event "45th Olympiad 2024"]
[Site "Budapest HUN"]
[Date "2024.09.13"]
[Round "3.84"]
[Board "2"]
[White "Mohamed, Hassan MDV"]
[Black "Mimbasa Kutesa, Willy"]
[Result "1-0"]
[WhiteElo "1880"]
[BlackElo "1848"]
[PlyCount "97"]
[EventDate "2024.09.11"]
[WhiteTeam "Maldives"]
[BlackTeam "Democratic Republic of the Congo"]
[WhiteTeamCountry "MDV"]

1. e4 e5 2. Nf3 Nc6 3. Bb5 Nf6 4. d3 Bc5 5. c3 d6 6. Nbd2 Bd7 ({RR} 6... O-O 7. h3 a6 8. Ba4 b5 9. Bb3 Bb6 10. Nf1 Ne7 11. Bg5 Ng6 12. Nh4 Nf4 13. Qf3 c5 14. O-O-O Ra7 15. Ne3 h6 16. Bxf4 exf4 17. Nef5 a5 18. Qxf4 a4 19. Bc2 Ne8 20. d4 cxd4 21. Nxd4 {1-0 Bartel,M (2609)-Markowski,T (2628) Wroclaw op 5th 2010 (5)}) ({RR} 6... Bb6 7. O-O O-O 8. Nc4 h6 9. a4 a6 10. Nxb6 cxb6 11. Bc4 Re8 12. Be3 d5 13. Bxd5 Nxd5 14. exd5 Qxd5 15. Bxb6 Bf5 16. d4 Bg4 17. h3 Bxf3 18. Qxf3 Qxf3 19. gxf3 exd4 20. Bxd4 Nxd4 21. cxd4 {½-½ Madaminov,M (2517)-Nikitenko,M (2525) UzChess Cup Futures 2024 (9.5)}) 7. Ba4 h6 $146 ({RR} 7... a6 8. Nf1 Ba7 9. Ng3 h6 10. Be3 Bxe3 11. fxe3 Ne7 12. Bb3 c5 13. O-O Be6 14. Nh4 Qd7 15. Ba4 b5 16. Bc2 Nh7 17. Nhf5 Bxf5 18. Nxf5 Nxf5 19. Rxf5 g6 20. Rf2 O-O 21. Bb3 Kg7 22. Qf3 {½-½ Abdelnabbi,I (2455)-Jonkman,H (2424) Cairo Misr 1st 2003 (3)}) 8. b4 Bb6 9. Nc4 Ne7 10. Bc2 Bg4 11. a4 a5 12. Nxb6 cxb6 13. h3 Bh5 14. b5 O-O 15. c4 Ng6 16. g3 Ne7 17. Be3 Nd7 18. g4 Bg6 19. h4 h5 20. Ng5 Nc5 21. gxh5 Bh7 22. h6 g6 23. h5 Qd7 24. Rg1 f6 25. Nxh7 Kxh7 26. hxg6+ Nxg6 27. Qh5 Rg8 28. Kd2 Ne6 29. Qf5 Qe7 30. Rg4 Ng5 31. Rag1 Raf8 32. Ke2 Kh8 33. Bxb6 Nf4+ 34. Kd1 Qf7 35. Be3 Qh5 36. Bxf4 exf4 37. h7 Rg7 38. f3 Rff7 39. Kc1 Rxh7 40. Qxf4 Qh6 41. Kb1 Rfg7 42. Qxd6 Qh2 43. Qf8+ Rg8 44. Qxf6+ Rhg7 45. Rxg5 Qh4 46. f4 b6 47. e5 Qh2 48. Rxg7 Rf8 49. Rf7# 1-0

[Event "45th Olympiad 2024"]
[Site "Budapest HUN"]
[Date "2024.09.13"]
[Round "3.85"]
[Board "3"]
[White "Sandiford, Keron"]
[Black "Schneider, James U"]
[Result "1/2-1/2"]
[WhiteElo "1755"]
[BlackElo "1486"]
[PlyCount "125"]
[EventDate "2024.09.11"]
[WhiteTeam "Guyana"]
[BlackTeam "Saint Vincent and the Grenadines"]
[WhiteTeamCountry "GUY"]

1. e4 e5 2. Nf3 Nc6 3. Bb5 a6 4. Ba4 d6 5. c3 b5 6. Bc2 Bg4 7. O-O Qf6 8. d3 Bxf3 9. Qxf3 Qxf3 10. gxf3 Be7 $146 ({RR} 10... Nf6 11. f4 g6 12. fxe5 dxe5 13. f4 Bd6 14. fxe5 Bxe5 15. d4 Nxd4 16. cxd4 Bxd4+ 17. Kg2 Ng4 18. h3 Ne5 19. Nd2 O-O-O 20. Nf3 Nxf3 21. Rxf3 f6 22. Rb1 Rhe8 23. Kf1 Re5 24. Bf4 Rc5 25. Bd3 {1-0 Giordan,D (1419)-Morello,F (1449) Venice Salvioli op 2000 (5.8)}) ({RR} 10... Nf6 11. Bg5 Be7 12. Nd2 h6 13. Bh4 Nxe4 14. Nxe4 Bxh4 15. Rfe1 Kd7 16. Bb3 f5 17. Ng3 Rhf8 18. Bd5 Rae8 19. d4 f4 20. Nh5 g6 21. dxe5 Nxe5 22. Nxf4 Rxf4 23. Kg2 Bxf2 24. Rf1 Bb6 25. Rae1 {0-1 Dlaikan,K-Ospina,C (1989) COL-ch U14 Bucaramanga 2008 (6)}) 11. a4 b4 12. Bb3 Na5 13. Bc2 b3 14. Bd1 g5 15. c4 Rb8 16. Nc3 Nc6 17. Nd5 Kd7 18. Be3 Nf6 19. Ra3 Nxd5 20. cxd5 Nd4 21. Bxd4 exd4 22. Rxb3 a5 23. Rxb8 Rxb8 24. b3 Bf6 25. Re1 Be5 26. Re2 c5 27. dxc6+ Kxc6 28. Rc2+ Kd7 29. Rc4 h6 30. b4 Rxb4 31. Rxb4 axb4 32. Bb3 f6 33. Kg2 h5 34. a5 Kc7 35. h4 Kb7 36. Bc4 Ka7 37. Kh3 Kb7 38. a6+ Ka7 39. Bf7 Kxa6 40. Bxh5 b3 41. Bf7 b2 42. Ba2 gxh4 43. Kxh4 Kb5 44. Kg4 Kb4 45. f4 Kc3 46. fxe5 fxe5 47. Bb1 Kd2 48. f4 exf4 49. Kxf4 Kc1 50. Ba2 Kc2 51. Kf3 Kxd3 52. Kf2 Kd2 53. Kf1 Ke3 54. Ke1 Kxe4 55. Kd2 d5 56. Bb1+ d3 57. Bxd3+ Kd4 58. Bb1 Kc4 59. Bd3+ Kd4 60. Bb1 Kc4 61. Kc2 d4 62. Kxb2 Kb4 63. Bh7 1/2-1/2

[Event "45th Olympiad 2024"]
[Site "Budapest HUN"]
[Date "2024.09.13"]
[Round "3.86"]
[Board "1"]
[White "Koumba, Mounguen Jose Evrard"]
[Black "Mahamat Hachim Bachar"]
[Result "1/2-1/2"]
[WhiteElo "1957"]
[BlackElo "1872"]
[PlyCount "138"]
[EventDate "2024.09.11"]
[WhiteTeam "Gabon"]
[BlackTeam "Chad"]
[WhiteTeamCountry "GAB"]
[BlackTeamCountry "CHD"]

1. e4 e6 2. d4 d5 3. Nc3 Bb4 4. e5 c5 5. a3 Bxc3+ 6. bxc3 c4 7. a4 ({RR} 7. h4 Ne7 8. h5 f5 9. exf6 gxf6 10. Nf3 Nbc6 11. Bf4 Qa5 12. Qd2 Bd7 13. g3 O-O-O 14. Bh3 Rde8 15. O-O Nd8 16. Rfe1 Nec6 17. Re2 Nf7 18. Qe1 Ncd8 19. Nh4 Rhg8 20. Ng2 Ng5 21. Bxg5 Rxg5 {½-½ Kiolbasa,O (2244)-Luba,L (2130) Suwalki Warakomska Memorial op 3rd 2019 (4)}) 7... Ne7 ({RR} 7... a5 8. Ba3 Ne7 9. h4 Nbc6 10. h5 h6 11. g4 O-O 12. g5 hxg5 13. h6 g6 14. Qg4 Kh7 15. Nf3 f5 16. Nxg5+ Kh8 17. Qf4 Qd7 18. Be2 Nd8 19. Kd2 Nf7 20. h7 Nxg5 21. Qxg5 Rf7 22. Rag1 {1-0 Bacher,O (1923)-Jost,C (1165) DSOL 08 Liga Gr-D 1st rapid 2020 (7.1)}) 8. Ne2 $146 ({RR} 8. h4 Bd7 9. Ba3 Nec6 10. Qg4 g6 11. h5 Qa5 12. Ne2 Qxa4 13. hxg6 fxg6 14. Qf3 Ne7 15. Qf6 {1-0 Wenner,H (1732)-Balduan,K (1544) Bergisch Gladbach-ch 1995 (4)}) ({RR} 8. Nf3 h6 9. Be2 Qa5 10. O-O Bd7 11. Qd2 Bxa4 12. Ba3 Nbc6 13. Rfb1 b5 14. Nh4 g5 15. Nf3 Kd7 16. h3 Rag8 17. Nh2 h5 18. g4 hxg4 19. Bxg4 Nf5 20. Nf3 Nh6 21. Nh2 Nxg4 22. Nxg4 Rg7 {1-0 Duys,P-Piersma,J Haarlem ACCOM op2 1986 (3)}) 8... O-O 9. Ng3 f5 10. Be2 g6 11. Bf4 Qa5 12. Qd2 Bd7 13. h4 h5 14. Bh6 Rf7 15. O-O Kh7 16. Nxh5 Ng8 17. Nf6+ Rxf6 18. exf6 Nxh6 19. h5 Qd8 20. Qg5 Qg8 21. f3 gxh5 22. Qxh5 Qg6 23. Qh4 Nc6 24. Kf2 Rf8 25. Rh1 Qxf6 26. Qf4 e5 27. dxe5 Nxe5 28. Rh2 Qb6+ 29. Kf1 Nef7 30. g4 fxg4 31. fxg4 Qd6 32. Qxd6 Nxd6+ 33. Ke1 Kg6 34. Rh5 Re8 35. Rxd5 Nhf7 36. Kf2 Bc6 37. Rd4 Ne4+ 38. Kg1 Ne5 39. Rf1 Ng3 40. Rd6+ Kg5 41. Rf2 Rh8 42. Rxc6 Rh1+ 43. Kg2 Nxc6 44. Kxg3 Rg1+ 45. Kh2 Ra1 46. Rf5+ Kg6 47. Bxc4 Rxa4 48. Rc5 Ra3 49. g5 a5 50. Bd3+ Kg7 51. Rd5 Rxc3 52. Rd7+ Kf8 53. g6 Ne5 54. Rxb7 Nxd3 55. cxd3 Rxd3 56. Ra7 Ra3 57. g7+ Kg8 58. Kg2 a4 59. Kf2 Ra1 60. Kf3 a3 61. Kg2 Ra2+ 62. Kg3 Kh7 63. Kh3 Ra1 64. Kg2 Kg8 65. Kh2 Ra2+ 66. Kg3 Kh7 67. Kh3 Ra1 68. Kg2 a2 69. Kh2 Kg8 1/2-1/2

[Event "45th Olympiad 2024"]
[Site "Budapest HUN"]
[Date "2024.09.13"]
[Round "3.87"]
[Board "2"]
[White "Meier, Peter"]
[Black "Heim, Colin Peter"]
[Result "1-0"]
[WhiteElo "2062"]
[BlackElo "1751"]
[PlyCount "67"]
[EventDate "2024.09.11"]
[WhiteTeam "Seychelles"]
[BlackTeam "US Virgin Islands"]
[WhiteTeamCountry "SEY"]

1. d4 Nf6 2. Nf3 d5 3. c4 e6 4. g3 Bb4+ 5. Bd2 Bxd2+ 6. Qxd2 h6 $146 ({RR} 6... c6 7. b3 Ne4 8. Qc1 Nd7 9. Bg2 f5 10. O-O O-O 11. Nbd2 Ndf6 12. e3 Bd7 13. Ne5 Nxd2 14. Qxd2 Be8 15. f3 Nd7 16. Nxd7 Qxd7 17. Qc3 Rf6 18. e4 fxe4 19. fxe4 Rxf1+ {½-½ Carlin,G-Keane,M IBCA blind Wch05 1982 (9)}) ({RR} 6... c6 7. Bg2 Nbd7 8. O-O b6 9. Rc1 O-O 10. Ne5 Bb7 11. cxd5 cxd5 12. Nc3 a6 13. Nxd7 Qxd7 14. e3 {½-½ Dominguez Perez,L (2726)-Bruzon Batista,L (2693) Capablanca Memorial Elite 46th 2011 (10)}) ({RR} 6... Nbd7 7. Qc2 c6 8. Nbd2 Qe7 9. Bg2 {½-½ Woellermann,J (2232)-Gerland,F (2151) Niedersachsen-ch op-A 2015 (7)}) ({RR} 6... Nbd7 7. Bg2 c6 8. Na3 Ne4 9. Qd3 Qa5+ 10. Nd2 Nxd2 11. Qxd2 Qxd2+ 12. Kxd2 Ke7 13. Rhd1 Nf6 14. Rac1 Bd7 15. Rc3 b5 16. cxb5 cxb5 17. Rc5 Rhc8 18. Rdc1 b4 19. Nc2 a5 20. Ne1 Rxc5 21. Rxc5 {½-½ Karpov,A (2715)-Andersson,U (2605) World Cup Brussels 1988 (17)}) 7. Bg2 Ne4 8. Qc2 Qe7 9. O-O O-O 10. Rc1 Nc6 11. a3 b6 12. cxd5 Nxd4 13. Nxd4 exd5 14. Nc3 Nxc3 15. bxc3 Bb7 16. Nf5 Qf6 17. c4 c6 18. cxd5 cxd5 19. Qd3 a5 20. Nd4 Ba6 21. Qd2 Bc4 22. Rab1 Rab8 23. a4 Rfe8 24. e3 Qg6 25. Nb5 Re7 26. Nc3 Rd8 27. Qd4 Rd6 28. e4 Qe6 29. exd5 Bxd5 30. Nxd5 Red7 31. Rc8+ Kh7 32. Qe4+ Qxe4 33. Bxe4+ g6 34. Nxb6 1-0

[Event "45th Olympiad 2024"]
[Site "Budapest HUN"]
[Date "2024.09.13"]
[Round "3.88"]
[Board "2"]
[White "Samuel, Jhon"]
[Black "Dacres, Don"]
[Result "1-0"]
[WhiteElo "1545"]
[BlackElo "1863"]
[PlyCount "81"]
[EventDate "2024.09.11"]
[WhiteTeam "British Virgin Islands"]
[BlackTeam "Bermuda"]
[WhiteTeamCountry "IVB"]
[BlackTeamCountry "BER"]

1. f4 d5 2. Nf3 Nf6 3. e3 Bg4 4. Be2 Nbd7 5. b3 Ne4 $146 ({RR} 5... Bxf3 6. Bxf3 e5 7. fxe5 Nxe5 8. Bb2 Bd6 9. Qe2 c6 10. c4 dxc4 11. bxc4 Qe7 12. Nc3 Qe6 13. d3 O-O-O 14. O-O-O Rhe8 15. e4 g5 16. g3 Nxf3 17. Qxf3 Ng4 18. d4 Bb4 19. h3 Bxc3 20. Bxc3 {½-½ Kildal,H-Runge,B Zittau-06 Group C 1956 (1)}) ({RR} 5... Bxf3 6. Bxf3 e5 7. fxe5 Nxe5 8. Bb2 Bd6 9. O-O O-O 10. Nc3 c6 11. Ne2 Qe7 12. Nd4 g6 13. g3 h5 14. Qe2 Rae8 15. Rae1 Nxf3+ 16. Nxf3 Ng4 17. Qd3 Qe4 18. Qd4 f6 19. Qxe4 dxe4 20. Nh4 {0-1 Melnikov,D (2348)-Swiercz,D (2507) Chigorin Memorial 18th 2010 (4)}) ({RR} 5... Bxf3 6. Bxf3 e5 7. fxe5 Nxe5 8. Bb2 Bd6 9. O-O c6 10. Nc3 Qc7 11. Rf2 h5 12. h3 O-O-O 13. d4 Nxf3+ 14. Qxf3 Bb4 15. Ne2 Ne4 16. Rff1 Rd7 17. Rfd1 g5 18. a3 g4 19. Qf5 Bf8 20. c4 {½-½ Musso,A (2162)-Theon,P (2089) 28th Palermo Open 2023 (7.4)}) ({RR} 5... Bxf3 6. Bxf3 e5 7. fxe5 Nxe5 8. Bb2 Bd6 9. O-O O-O 10. Nc3 c6 11. Ne2 Ng6 12. Qe1 Be5 13. Bxe5 Nxe5 14. Qg3 Ng6 15. Nd4 Qb8 16. Qh3 Qc7 17. Be2 Ne4 18. d3 Nd6 19. Bh5 Ne5 20. Rf4 {1-0 Blom,K-Kolbak,J DEN-ch58 Mesterskabet 1967 (6)}) 6. d3 Bxf3 7. Bxf3 Nef6 8. Bb2 e6 9. O-O Be7 10. Nd2 c5 11. c4 O-O 12. Qe2 Qc7 13. d4 Rfe8 14. Rac1 Qb6 15. Qf2 Rac8 16. e4 cxd4 17. Bxd4 Bc5 18. Bxc5 Qxc5 19. e5 Qxf2+ 20. Kxf2 Ne4+ 21. Nxe4 dxe4 22. Bxe4 Nc5 23. Ke3 Rcd8 24. Rfd1 Nxe4 25. Kxe4 Kf8 26. Rd6 Rxd6 27. exd6 Rd8 28. c5 Ke8 29. f5 Kd7 30. fxe6+ Kxe6 31. Kd4 Kd7 32. Re1 Re8 33. Rxe8 Kxe8 34. Kd5 Kd7 35. b4 h5 36. b5 b6 37. c6+ Kd8 38. Ke5 Kc8 39. Kf5 Kd8 40. Kg5 f6+ 41. Kxh5 1-0

[Event "45th Olympiad 2024"]
[Site "Budapest HUN"]
[Date "2024.09.13"]
[Round "3.89"]
[Board "2"]
[White "Carbonell, Nicolas"]
[Black "Alsaqer, Meshal"]
[Result "0-1"]
[WhiteElo "1798"]
[BlackElo "1815"]
[PlyCount "48"]
[EventDate "2024.09.11"]
[WhiteTeam "Burkina Faso"]
[BlackTeam "Kuwait"]
[WhiteTeamCountry "BUR"]
[BlackTeamCountry "KUW"]

1. d4 d5 2. c4 e6 3. Nc3 Nf6 4. Nf3 Be7 5. Bf4 a6 6. Bg5 $146 ({RR} 6. cxd5 Nxd5 7. Bg3 f5 8. e3 O-O 9. Bd3 c5 10. Be5 Nc6 11. O-O Nxe5 12. dxe5 Nb4 13. Be2 Qxd1 14. Rfxd1 g5 15. Nd2 Nc6 16. f4 b5 17. Nb3 Rd8 18. Rxd8+ Nxd8 19. Rd1 Bb7 20. Na5 Rb8 {1-0 Burn,A-Mortimer,J Paris 1900 (16)}) ({RR} 6. cxd5 Nxd5 7. Bd2 c5 8. dxc5 Bxc5 9. g3 Nxc3 10. Bxc3 Qb6 11. e3 Bb4 12. Bg2 O-O 13. Bxb4 Qxb4+ 14. Qd2 Qe7 15. Ne5 Nd7 16. Nc4 Nc5 17. O-O Bd7 18. Nb6 Bb5 19. Nxa8 Bxf1 20. Rxf1 Rxa8 {1-0 Eljanov,P (2693)-Miladinovic,I (2571) BIH-chT 8th Banja Vrucica 2009 (4)}) ({RR} 6. c5 Nc6 7. e3 Nh5 8. Bd3 Nxf4 9. exf4 Bf6 10. Ne2 b6 11. Rc1 bxc5 12. Rxc5 Ne7 13. Qc2 c6 14. g4 g6 15. O-O Bb7 16. Ng3 Qd7 17. Ne5 Qd6 18. Re1 Bg7 19. f5 f6 20. Nxc6 e5 {1-0 Elomaa,A (1990)-Jylha Ollila,K Kajaani We KaSY 2012 (1)}) ({RR} 6. cxd5 exd5 7. e3 c5 8. dxc5 Nc6 9. Rc1 Qa5 10. a3 O-O 11. Be2 Be6 12. O-O Qxc5 13. Nb5 Qxc1 14. Qxc1 axb5 15. Bxb5 Rfc8 16. Qd1 Ne4 17. Nd4 Nxd4 18. exd4 Nd6 19. Bxd6 Bxd6 20. f4 g6 {1-0 Bernstein,O-John,W Ostend 1906 (5)}) 6... dxc4 7. a4 O-O 8. e4 c5 9. Bxc4 cxd4 10. Nxd4 Qa5 11. O-O Qxg5 12. f4 Qc5 13. e5 Qxc4 14. Rc1 Nd5 15. Ne4 Qb4 16. Rf3 Nc6 17. Rxc6 bxc6 18. h3 c5 19. Kh2 Qxd4 20. Qe1 Bb7 21. Rg3 Nxf4 22. Rxg7+ Kxg7 23. Qg3+ Ng6 24. Qxg6+ hxg6 0-1